000 01762cam a22003974i 4500
003 PE-LiUPU
005 20250731183402.0
008 170810s2012 ag rb 000 0 spa d
020 _a9875844780
020 _a9789875844780
035 _a(Sirsi) a238219
040 _aPE-LiUPU
_bspa
_cPE-LiUPU
_erda
049 _aPRUA
082 0 4 _a711
_bP8
_220
245 0 0 _aProyectos urbanos y otras historias /
_cAlicia Novick.
264 1 _aBuenos Aires :
_bSociedad Central de Arquitectos Ed. nobuko,
_c2012.
300 _a253 páginas ;
_c21 centimetros
336 _atext
_2rdacontent
337 _aunmediated
_2rdamedia
338 _avolume
_2rdacarrier
504 _aBibliografía : páginas 246-249.
505 0 _aProyectos -- espacios y proyectos -- los proyectos como objeto de estudios -- Costanera, Lugano y Puerto Madero -- RECUP- Boca -- la manzana de San Francisco -- Intercambios -- la circulación de las ideas -- historiografía -- Especialistas -- higienistas, ingenieros y arquitectos, los mapas de Horacio Torres.
526 _aP158
526 _aP146
526 _aP17
526 _aP12
526 _aP06
650 0 4 _aIdentidades urbanas sociales.
910 _ajck
_bjvq
_cwmm
_d20170810
942 _2ddc
_cBOOK
949 _a711 P8
_wDEWEY
_c1
_i76721
_lCATALOGING
_mBUL
_p32.63
_r0
_sY
_tBOOK
_u2017-08-9
_xINGENIERIA
_PP06
_0COMPRA
_o.STAFF. Colección Ingeniería y Arquitectura
994 _aC0
_bPEPRU
596 _a1
999 _a711 P8
_wDEWEY
_c24921
_i76721
_d24921
_f2021-11-9
_g4
_lCCODEBUL1
_mBUL
_p32.63
_q2
_r0
_sY
_tBOOK
_u2017-8-10
_xINGENIERIA
_PP06
_0COMPRA
_o.STAFF. Colección Ingeniería y Arquitectura
980 _81
_gALBERTO SANCHEZ Responsable de Automatización